000 00230nam a22000857a 4500
008 160702b xxu||||| |||| 00| 0 eng d
100 _91889
_aMohindroo.k et.al
245 _aEmpowering Science Class IX
260 _aNew Delhi
_bP.P..C
_c2011
999 _c1593
_d1593